Conveni laboral 1988 / Diputació de Barcelona
Descripción Física:
80 p. , 21 cm
MARC
| LEADER | 00000nam a2200000Ia 4500 | ||
|---|---|---|---|
| 001 | 11088 | ||
| 008 | 160829s1988?] xx 000 0 cat d | ||
| 080 | |a M-3-374 | ||
| 110 | 1 | |a Barcelona (Catalunya : Província). |b Diputació |9 52408 | |
| 245 | |a Conveni laboral 1988 / Diputació de Barcelona | ||
| 260 | |a Barcelona : |b Diputació, [s.a., |c 1988?] | ||
| 300 | |a 80 p. , 21 cm | ||
| 650 | |a Barcelona. Diputació - personal laboral - convenis col·lectius - 1988 |9 22987 | ||
| 901 | |a Arxiu | ||
| 942 | |n 1 | ||
| 952 | |0 0 |1 0 |4 0 |6 M3374 |7 1 |9 42406 |a Arxiu |b Arxiu |d 2016-12-01 |l 0 |o M-3-374 |p 11088 |r 2016-12-01 00:00:00 |w 2016-12-01 |y ARXIU | ||
| 999 | |c 44911 |d 44911 | ||